| 000 | 01249cam a2200313 a 4500 | ||
|---|---|---|---|
| 999 |
_c532569 _d532569 |
||
| 001 | 14786752 | ||
| 003 | NUST | ||
| 005 | 20191125161701.0 | ||
| 008 | 070327s2006 maua b 001 0 eng | ||
| 010 | _a 2006925413 | ||
| 020 | _a0750666560 | ||
| 038 | _aMSOHAIL | ||
| 040 |
_aDLC _cDLC _dDLC |
||
| 050 | 0 | 0 |
_aTH2529.C6 _bG37 2006 |
| 082 | 0 | 0 |
_a690.16 _222 |
| 100 | 1 |
_aGarber, G. _q(George) _926160 |
|
| 245 | 1 | 0 |
_aDesign and construction of concrete floors / _cGeorge Garber. |
| 250 | _a2nd ed. | ||
| 260 |
_aBurlington, MA : _bElsevier/Butterworth-Heinemann, _c2006. |
||
| 300 |
_aix, 384 p. : _bill. ; _c24 cm. |
||
| 504 | _aIncludes bibliographical references (p. [365]-367) and index. | ||
| 650 | 0 |
_aFloors, Concrete _xDesign and construction. _926161 |
|
| 856 | 4 | 1 |
_3Table of contents only _uhttp://www.loc.gov/catdir/toc/fy0708/2006925413.html |
| 856 | 4 | 2 |
_3Publisher description _uhttp://www.loc.gov/catdir/enhancements/fy0710/2006925413-d.html |
| 856 | 4 | 2 |
_3Contributor biographical information _uhttp://www.loc.gov/catdir/enhancements/fy1113/2006925413-b.html |
| 906 |
_a7 _bcbc _corigcop _d2 _encip _f20 _gy-gencatlg |
||
| 942 |
_2ddc _cBK |
||